| 000 | 00638nam a2200217 a 4500 | ||
|---|---|---|---|
| 001 | 10071 | ||
| 003 | CO-ViMGA | ||
| 008 | 141112s2004 ck r 000 u spa d | ||
| 020 | _a8474236398 | ||
| 040 |
_aCO-ViMGA _bspa _cCO-ViMGA |
||
| 082 | 0 | 4 | _a573.2 L672 |
| 100 | 1 |
_aLeakey ; Richard, Lewin Roger, _912694 |
|
| 245 | 1 | 0 |
_aNuestros OrĂgenes : _bEn busca de lo que nos hace Humanos |
| 250 | _a1 | ||
| 260 |
_aBarcelona : _bEditorial Grijalbo Mondadori Critica, _c1994 |
||
| 300 | _a300p. : il. | ||
| 650 | 1 | 4 |
_aANTROPOLOGIA FISICA _912695 |
| 650 | 1 | 4 |
_aEVOLUCION HUMANA _9485 |
| 650 | 1 | 4 |
_aORIGEN DEL HOMBRE _912696 |
| 942 |
_2ddc _cBK |
||
| 999 |
_c21445 _d21445 |
||